00927nam a2200289Ia 450000500170000000800410001702000150005804100080007308200160008110000240009724500590012125000180018030000480019849000210024650000570026765000270032465000220035165000340037365000180040765000380042570000220046326400290048533600270051433700330054133800280057404000350060220220317001827.0170410s2005 m o g 000 0 s  a968592080X aspa04a529.7bA95m1 aAymes, Carlad1973-14aLas medidas del tiempocCarla Aymes y Rebeca Kraselsky a1a. edición a39 páginasbfotografías en colorc25 cm aLa otra escalera aIncluye datos biográficos de las autoras en solapa142LEMBaEspacio y tiempo142LEMBaHorología142LEMBaPercepción del tiempo142LEMBaRelojes142LEMBaTiempovConceptualización1 aKraselsky, Rebeca aMéxicobCastilloc2005 atextobtxt2rdacontent asin mediaciónbn2rdamedia avolumenbnc2rdacarrier aCO-BoRNBPbspaerdacCO-BoRNBP